Từ điển tri thức lịch sử phổ thông thế kỷ XX

Na minha lista:
Detalhes bibliográficos
Autor principal: Phan Ngọc Liên
Formato: Livro
Idioma:Undetermined
Publicado em: H. ĐHQG 2003
Assuntos:
Tags: Adicionar Tag
Sem tags, seja o primeiro a adicionar uma tag!
Thư viện lưu trữ: Trung tâm Học liệu Trường Đại học Cần Thơ
LEADER 00531nam a2200193Ia 4500
001 CTU_54777
008 210402s9999 xx 000 0 und d
020 |b 130000 
082 |a 903 
082 |b L305 
100 |a Phan Ngọc Liên 
245 0 |a Từ điển tri thức lịch sử phổ thông thế kỷ XX 
245 0 |c Phan Ngọc Liên 
260 |a H. 
260 |b ĐHQG 
260 |c 2003 
650 |a world history 
650 |x dictionaries 
980 |a Trung tâm Học liệu Trường Đại học Cần Thơ